=LDR 00000nam 2200000 4500 =001 INLIS000000000058058 =005 20210727075938 =035 ##$$a 0010-0721000153 =007 ta =008 210727###########################0#ind## =020 ##$$a 979-421-055-2 =082 ##$$a 297.622 =084 ##$$a 297.622 Muh i =245 1#$$a Islam Landasan Alternatif Administrasi Pembangunan /$c Muhammad A. Al-Buraey =250 ##$$a Cet.1 =300 ##$$a xviii,486 halaman ; $c 22 cm =650 #4$$a Islam Dan Pemerintahan =264 ##$$a jakarta :$b Rajawali Press,$c 1986 =336 ##$$a teks$2 rdacontent =337 ##$$a lain-lain$2 rdamedia =338 ##$$a lain-lain$2 rdacarrier =990 ##$$a 05950595